00716cam a22002293a 45000010005000000030006000050050017000110080041000280400015000690420007000840500007000911000025000982450131001232600029002545060030002835160020003136530028003336530030003616530026003918300028004178560041004458466PGUSA20140828083157.0050701s2005||||xxu|||||s|||||000 | eng d aPGUSAbeng adc 4aPR1 aFarmer, John Stephen10aMusa Pedestris - Three Centuries of Canting Songs and Slang Rhymes [1536 - 1896]h[electronic resource] /cJohn Stephen Farmer bProject Gutenberg,c2005 aPublic domain in the USA. aElectronic text aSongs, English -- Texts aEnglish language -- Slang aCant -- Great Britain 0aProject Gutenbergv846640uhttp://www.gutenberg.org/ebooks/8466